Mlaď na krídlach

Podrobná bibliografia
Hlavný autor: Šmahelová, Helena, 1910-1997 (Autor)
Ďalší autori: Baricová, Gusta (Prekladateľ), Filip, Zdeněk, 1930- (Ilustrátor)
Médium: Kniha
Jazyk:slovenčina
čeština
Fyzický popis:228, [3] s., [8] obr. príl. 21 cm
Vydavateľské údaje: Bratislava Mladé letá 1958
Predmet:

MARC

LEADER 00000nam a2200000 a 4500
001 vtls008316511
003 SK-MaSNL
005 20260302020135.0
008 181127s1958 xo 000 slo
015 |a SKSNBA1958/08-01195 
035 |a SK01SNK19580008728 
035 |a SKM000011191 
040 |a SNK  |b slo  |c SNK  |e AACR2 
041 1 |a slo  |h cze 
044 |a xo  |c SK 
080 |a 885-93-31  |2 1981 
100 1 |a Šmahelová, Helena,  |d 1910-1997  |4 aut  |9 5395 
240 1 0 |a Mládí na křídlech  |l Slovensky 
245 1 0 |a Mlaď na krídlach  |c Helena Šmahelová ; z čes. orig. (...: Mládí na křídlech, Praha 1956, ...) prel. Gusta Dočevská ; ilustr. Zdeněk Filip 
260 |a Bratislava  |b Mladé letá  |c 1958  |e Martin  |f Tlačiarne SNP 
300 |a 228, [3] s., [8] obr. príl.  |c 21 cm 
521 |a Pre čitateľov od 11 rokov 
563 |a 8310 výtl. 
650 0 7 |a mládež  |x letci v krúžkoch Zväzarmu  |x romány  |2 SNK  |9 662726 
650 0 7 |a romány pre mládež české  |2 SNK  |9 662727 
655 7 |a umelecká literatúra  |2 SNKPH  |9 60405 
700 1 |a Baricová, Gusta  |4 trl  |9 308161 
700 1 |a Filip, Zdeněk,  |d 1930-  |4 ill  |9 200203 
730 |a Mládí na křídlech  |9 662728 
852 |a Slovenská národná knižnica v Martine  |b 10000  |h SD 15725 
852 |a Slovenská národná knižnica v Martine  |b 10000  |h SD 15725 D1 
919 |a brož. 
958 |a OND 
958 |a RK 
958 |a TL 
958 |a DB 
958 |a CZ 
958 |a UP 
958 |a LX 
999 |c 1023988  |d 1025918 
952 |a SNK  |b SNK  |y PREZ  |7 0  |p 17A0568200  |o snkSD 15725  |i snkKSP 2673/58  |0 0  |1 0  |4 0  |d 2008-05-03  |l 0  |r 2025-11-28 00:00:00  |w 2026-02-24